000
00246nam a2200097Ia 4500
001
806428
005
20250826171211.0
008
250824s9999 xx 000 0 und d
245
0
_a
İSTANBULDAN ÇİZGİLER
_c
ORHAN KEMAL
260
_b
EVEREST YAYINLARI
999
_c
806428
_d
806428